Stepping un test score conditional variances (Record no. 77394)

MARC details
000 -CABECERA
campo de control de longitud fija 00607nam a2200229 a 4500
005 - FECHA Y HORA DE LA ÚLTIMA TRANSACCIÓN
campo de control 20210219153446.0
008 - ELEMENTOS DE LONGITUD FIJA--INFORMACIÓN GENERAL
campo de control de longitud fija 991125n 000 0 u
035 ## - NÚMERO DE CONTROL DEL SISTEMA
Número de control de sistema UPN01000101039
100 ## - ASIENTO PRINCIPAL--NOMBRE PERSONAL
Nombre de persona Woodruff, David
222 ## - TÍTULO CLAVE
Título clave JOURNAL OF EDUCATIONAL MEASUREMENT
245 ## - MENCIÓN DE TÍTULO
Título Stepping un test score conditional variances
300 ## - DESCRIPCIÓN FÍSICA
Extensión 191-196
362 ## - FECHAS DE PUBLICACIÓN Y/O DESIGNACIÓN SECUENCIAL
Fecha de publicación y/o designación secuencial 28, No. 3, 1991
505 ## - NOTA DE CONTENIDO CON FORMATO PREESTABLECIDO
Nota de contenido con formato Marzo 1992
653 0# - TERMINO DE INDIZACION - NO CONTROLADO
Término no controlado ERROR DE MEDICION
653 0# - TERMINO DE INDIZACION - NO CONTROLADO
Término no controlado ESTIMACION (MATEMATICAS)
653 0# - TERMINO DE INDIZACION - NO CONTROLADO
Término no controlado MARCADORES
653 0# - TERMINO DE INDIZACION - NO CONTROLADO
Término no controlado PREDICCION
653 0# - TERMINO DE INDIZACION - NO CONTROLADO
Término no controlado PRUEBAS LARGAS
904 ## - ELEMENTOS DE DATOS D LOCAL, LDD (RLIN)
a AC
b 038850
905 ## - TIPO DE MATERIAL
Tipo de material Articulo

No items available.